Women in India (Record no. 12243)

MARC details
000 -LEADER
fixed length control field 00631nam a2200241 a 4500
020 ## - INTERNATIONAL STANDARD BOOK NUMBER
ISBN 8121521
082 00 - DEWEY DECIMAL CLASSIFICATION NUMBER
Classification number 305.40954
Author Cutter DES
100 ## - MAIN ENTRY--AUTHOR NAME
Author name Desai, Tripta
245 ## - TITLE STATEMENT
Title Women in India
Sub title a Brief Historical Survey
260 ## - PUBLICATION, DISTRIBUTION, ETC. (IMPRINT)
Place of publication New Delhi
Name of publisher Munshiram Manoharlal Publishers
Year of publication 1997
300 ## - PHYSICAL DESCRIPTION
Number of Pages 161p
500 ## - GENERAL NOTE
General note includes index and biblioraphy
505 2# - FORMATTED CONTENTS NOTE
Formatted contents note Bibliography, Index
650 ## - SUBJECT ADDED ENTRY--TOPICAL TERM
Topical Term Women-India
942 ## - ADDED ENTRY ELEMENTS (KOHA)
Koha item type Books
700 1# -
-- Desai, Tripta
Holdings
Collection code Home library Current library Date acquired Cost, normal purchase price Full call number Accession Number Koha item type
  Henry Martyn Institute Library Henry Martyn Institute Library 08/29/2007 250.00 305.40954 DES 018562 Books
                   Copyright © 2026 | Henry Martyn Institute | Hyderabad | TS-500052 | INDIA | Implemented by hmi.edu.in
Hit-Count:

Powered by Koha